Biggest British Empire Countries - Statistics

General Stats
  • This quiz has been taken 100,227 times
    43,889 since last reset
  • The average score is 9 of 12
Answer Stats
% km² Country % Correct
100 10,000,000 Canada
96%
100 3,200,000 India
95%
100 7,700,000 Australia
93%
25 2,400,000 United States
93%
100 1,200,000 South Africa
85%
100 890,000 Pakistan
75%
100 1,000,000 Egypt
71%
100 920,000 Nigeria
63%
100 1,900,000 Sudan
58%
100 950,000 Tanzania
52%
100 750,000 Zambia
39%
100 680,000 Myanmar
37%
No matching quizzes found
Score Distribution
Percent of People with Each Score
Percentile by Number Answered
Your Score History
You have not taken this quiz since the last reset